000 00642nam a2200241 i 4500
001 C2-0148221
003 PPAK
005 20180727131438.0
008 980318s1995 my |||| ||||| | may d
020 _a9836247297
040 _aPPAK
_beng
_cPPAK
_erda
082 0 4 _a899.231
_223
090 0 0 _a899.231
_bLAN
_dG
245 0 0 _alangit di tangan
264 1 _aKuala Lumpur :
_bDewan Bahasa dan Pustaka ,
_c1995
300 _axxxvii, 155 pages ;
_c22 cm
336 _2rdacontent
_atext
337 _2rdamedia
_aunmediated
338 _2rdacarrier
_avolume
650 1 0 _aMalay poetry
700 0 _aRahman Shaari,
_ecompile
942 _ddc
_cB
999 _c46847
_d46847